Vliv finanční krize na produktivitu práce českých nefinančních podniků
Prispôsobenie nefinančných podnikov novým podmienkam. Po prepade produktivity práce v dôsledku finančnej krízy sa podniky dostali najneskôr v roku 2011 na predkrízovú úroveň. Predmetom príspevku je aj zistenie, ako sa prejavuje zdržanlivosť podnikov pri prijímaní nových pracovníkov na vývoji osobnýc...
Salvato in:
| Autore principale: | |
|---|---|
| Natura: | Capitolo di libro |
| Lingua: | ceco |
| Soggetti: | |
| Tags: |
Nessun Tag, puoi essere il primo ad aggiungerne!!
|
MARC
| LEADER | 00000nla a2200000 4500 | ||
|---|---|---|---|
| 001 | 0162010 | ||
| 005 | 20221104125726.8 | ||
| 041 | 0 | |a cze | |
| 044 | |a CZ | ||
| 245 | 1 | 0 | |a Vliv finanční krize na produktivitu práce českých nefinančních podniků |c Pavel Mikan |
| 520 | |a Prispôsobenie nefinančných podnikov novým podmienkam. Po prepade produktivity práce v dôsledku finančnej krízy sa podniky dostali najneskôr v roku 2011 na predkrízovú úroveň. Predmetom príspevku je aj zistenie, ako sa prejavuje zdržanlivosť podnikov pri prijímaní nových pracovníkov na vývoji osobných nákladov. | ||
| 610 | 2 | 0 | |a spoločnosti |
| 610 | 2 | 0 | |a produktivita práce |
| 610 | 2 | 0 | |a hodnota pridaná |
| 610 | 2 | 0 | |a nábor pracovníkov |
| 610 | 2 | 0 | |a náklady |
| 610 | 2 | 0 | |a Česko |
| 100 | 1 | |a Mikan, Pavel | |